000
00267nam a2200121Ia 4500
100
_a
Wilson/Frank W;Harvey
942
_c
BK
654
_a
Handbook
245
_a
Tool Engineers Handbook
260
_b
McGraw Hill
_a
NEWYORK
_c
1959
082
_a
621.9
546
_a
ENGLISH
999
_c
35391
_d
35391